Seattle Seahawks Rushing Leaders - Statistics

General Stats
  • This quiz has been taken 651 times
    108 since last reset
  • The average score is 8 of 24
Answer Stats
Hint Answer % Correct
6,381 Marshawn Lynch
95%
3,555 Kenneth Walker III
83%
9,429 Shaun Alexander
79%
3,502 Chris Carson
68%
1,918 Rashaad Penny
44%
4,689 Russell Wilson
44%
1,761 Zach Charbonnet
43%
1,286 Lamar Smith
37%
3,429 Sherman Smith
37%
1,336 Thomas Rawls
37%
6,705 Curt Warner
31%
1,129 Matt Hasselbeck
28%
1,090 Dave Krieg
25%
1,391 Julius Jones
22%
4,579 John L. Williams
21%
1,491 Jim Zorn
20%
4,009 Ricky Watters
20%
6,706 Chris Warren
19%
1,530 Dan Doornink
6%
1,287 Justin Forsett
6%
1,167 Derrick Fenner
5%
2,612 Maurice Morris
5%
1,009 David Hughes
4%
1,174 David Sims
4%
No matching quizzes found
Score Distribution
Percent of People with Each Score
Percentile by Number Answered
Your Score History
You have not taken this quiz since the last reset